The Highest Point Of Every Country - Statistics

General Stats
  • This quiz has been taken 18 times
  • The average score is 11 of 184
Answer Stats
Hint Answer % Correct
China Mount Everest
91%
Pakistan K2
73%
United States of America Denali
64%
Tanzania Kilimanjaro
64%
Japan Mount Fuji
55%
United Kingdom Ben Nevis
45%
India Kangchenjunga
45%
France Mont Blanc
45%
Russia Mount Elbrus
45%
Canada Mount Logan
45%
Greece Mount Olympus
45%
Argentina Aconcagua
36%
Ecuador Chimborazo
27%
Australia Mount Kosciuszko
27%
Indonesia Puncak Jaya
27%
Germany Zugspitze
27%
New Zealand Aoraki/Mount Cook
18%
Iran Damavand
18%
Turkey Mount Ararat
18%
Kenya Mount Kenya
18%
Democratic Republic of the Congo | Uganda Mount Stanley
18%
Chile Ojos del Salado
18%
Venezuela Pico Bolívar
18%
Brazil Pico da Neblina
18%
Spain Teide
18%
Bhutan Gangkhar Puensum
9%
Malaysia Gunung Kinabalu
9%
Finland Halti
9%
Myanmar Hkakabo Razi
9%
Peru Huascarán
9%
Tajikistan Ismoil Somoni Peak
9%
Mongolia Khüiten Peak
9%
Albania Korab
9%
South Africa Mafadi
9%
Italy Monte Bianco
9%
San Marino Monte Titano
9%
Cameroon Mount Cameroon
9%
Papua New Guinea Mount Wilhelm
9%
Bulgaria Musala
9%
Equatorial Guinea Pico Basile
9%
Bolivia Sajama
9%
Georgia Shkhara
9%
Estonia Suur Munamägi
9%
Panama Volcán Barú
9%
Mexico Volcán Citlaltépetl
9%
Taiwan Yu Shan
9%
Lithuania Aukštojas Hill
0%
Turkmenistan Aýrybaba
0%
Moldova Bălănești Hill
0%
Libya Bikku Bitti
0%
Jamaica Blue Mountain Peak
0%
Antigua and Barbuda Boggy Peak on Antigua
0%
Brunei Bukit Pagon
0%
Singapore Bukit Timah Hill
0%
Ireland Carrauntoohill
0%
Uruguay Cerro Catedral
0%
Costa Rica Cerro Chirripó
0%
El Salvador Cerro El Pital
0%
Honduras Cerro Las Minas
0%
Paraguay Cerro Peró
0%
Nigeria Chappal Waddi
0%
Iraq Cheekha Dar
0%
Monaco Chemin des Révoires
0%
Andorra Coma Pedrosa
0%
Sudan Deriba Caldera
0%
Croatia Dinara
0%
Thailand Doi Inthanon
0%
Belize Doyle's Delight
0%
Switzerland Dufourspitze
0%
Belarus Dzyarzhynskaya Hara
0%
Trinidad and Tobago El Cerro del Aripo o
0%
Eritrea Emba Soira
0%
Chad Emi Koussi
0%
Eswatini Emlembe
0%
Vietnam Fan Si Pan
0%
Latvia Gaizinkalns
0%
Norway Galdhøpiggen
0%
Slovakia Gerlachovský štít
0%
North Macedonia Golem Korab
0%
Liechtenstein Grauspitz
0%
Austria Grossglockner
0%
South Korea Halla-san
0%
Mali Hombori Tondo
0%
Ukraine Hoverla
0%
Iceland Hvannadalshnúkur
0%
United Arab Emirates Jabal Al Jais
0%
Yemen Jabal An-Nabi Shu'ayb
0%
Syria Jabal el-Sheikh
0%
Saudi Arabia Jabal Sawda
0%
Oman Jabal Shams
0%
Jordan Jabal Umm ad Dami
0%
Tunisia Jebel ech Chambi
0%
Kyrgyzstan Jengish Chokusu
0%
Suriname Juliana Top
0%
Sweden Kebnekaise
0%
Mauritania Kediet ej Jill
0%
Hungary Kékes
0%
Kazakhstan Khan Tengri
0%
Uzbekistan Khazret Sultan
0%
South Sudan Kinyeti
0%
Luxembourg Kneiff
0%
Namibia Königstein
0%
Saint Vincent and the Grenadines La Soufrière
0%
Zambia Mafinga Central
0%
Bosnia and Herzegovina Maglić
0%
Madagascar Maromokotro
0%
Samoa Mauga Silisili
0%
Serbia Midžor
0%
Nicaragua Mogotón
0%
Romania Moldoveanu
0%
Denmark Møllehøj
0%
Togo Mont Agou
0%
Portugal Montanha do Pico
0%
Gabon Mont Bengoué
0%
Mozambique Monte Binga
0%
Niger Mont Idoukal-n-Taghès
0%
Congo (Brazzaville) Mont Nabemba
0%
Central African Republic Mont Ngaoui
0%
Guinea | Ivory Coast Mont Nimba
0%
Benin Mont Sokbaro
0%
Dominica Morne Diablotins
0%
Seychelles Morne Seychellois
0%
Ghana Mount Afadjato
0%
Bahrain Mountain of Smoke
0%
Bahamas Mount Alvernia on Cat Island
0%
Philippines Mount Apo
0%
Armenia Mount Aragats
0%
Azerbaijan Mount Bazardüzü
0%
Sierra Leone Mount Bintumani
0%
Egypt Mount Catherine
0%
Cyprus Mount Cyprus
0%
Saint Lucia Mount Gimie
0%
Burundi Mount Heha
0%
Barbados Mount Hillaby
0%
Rwanda Mount Karisimbi
0%
Comoros Mount Karthala on Grande Comore
0%
Saint Kitts Mount Liamuiga
0%
Israel Mount Meron
0%
Angola Mount Moco
0%
Malawi Mount Mulanje
0%
Palau Mount Ngerchelchuus
0%
Zimbabwe Mount Nyangani
0%
Solomon Islands Mount Popomanaseu
0%
Timor-Leste Mount Ramelau
0%
Guyana Mount Roraima
0%
Grenada Mount Saint Catherine
0%
Netherlands Mount Scenery
0%
Vanuatu Mount Tabwemasana
0%
Algeria Mount Tahat
0%
Burkina Faso Mount Tenakourou
0%
Maldives Mount Villingili
0%
Liberia Mount Wuteve
0%
Djibouti Mousa Ali
0%
Kuwait Mutla Ridge
0%
Micronesia Nanlaud
0%
Afghanistan Noshaq
0%
Botswana Otse Hill
0%
North Korea Paektu-san
0%
Cambodia Phnom Aural
0%
Laos Phou Bia
0%
Haiti Pic la Selle
0%
Colombia Pico Cristobal Colon
0%
Cabo Verde Pico de Fogo
0%
Sao Tome and Principe Pico de São Tomé
0%
Dominican Republic Pico Duarte
0%
Cuba Pico Turquino
0%
Sri Lanka Pidurutalagala
0%
Mauritius Piton de la Petite Rivière Noire
0%
Qatar Qurayn Abu al Bawl
0%
Lebanon Qurnat as Sawda'
0%
Poland Rysy (Northwestern peak)
0%
Bangladesh Saka Haphong
0%
Somalia Shimbiris
0%
Belgium Signal de Botrange
0%
Czechia Sněžka
0%
Malta Ta'Dmejrek
0%
Lesotho Thabana Ntlenyana
0%
Fiji Tomanivi
0%
Slovenia Triglav
0%
Vatican City Vatican Hill
0%
Guatemala Volcán Tajumulco
0%
Montenegro Zla Kolata
0%
No matching quizzes found
Score Distribution
Percent of People with Each Score
Percentile by Number Answered
Your Score History
You have not taken this quiz